Statistics for Guess the Celebrity - Close Up #3

Click here to take the quiz!

General Stats

  • This quiz has been taken 2,100 times
  • The average score is 6 of 16

Answer Stats

Answer% Correct
Beyonce
84%
Britney Spears
63%
Joe Biden
58%
Sam Smith
44%
Jennifer Lawrence
43%
Ariana Grande
41%
Matt Damon
41%
Chris Hemsworth
39%
Harrison Ford
32%
Michael Bublé
30%
Paul McCartney
30%
Kiera Knightly
29%
Nicholas Cage
28%
Paris Hilton
18%
Katy Perry
15%
Guy Sebastian
6%

Score Distribution

Percentile by Number Answered

Percent of People with Each Score

Your Score History

You have not taken this quiz